000 00192 a2200097 4500
001 48848
100 _aMason
245 _aAir power
260 _aLondan
_bBrassey
_c
090 _c31743
_d31743
942 _aNUST-CAE
_cGen
_c24162
999 _c283921
_d283921